| 000 | 00655nam a2200217 a 4500 | ||
|---|---|---|---|
| 005 | 20210223132405.0 | ||
| 008 | 140619s2002 mx r 000 0 spa d | ||
| 020 | _a9968151378 | ||
| 035 | _aUPN01000198126 | ||
| 049 | _aI | ||
| 050 | 4 |
_aPQ7489.2 D3.3 _bK6.7 |
|
| 100 | 1 |
_aDada Fumero, Rodolfo, _d1952- _935783 |
|
| 245 | 1 | 0 |
_aKotuma, la rana y la luna / _cRodolfo Dada ; il. Vicky Ramos. |
| 260 |
_aSan José, C. R. : _bFarben, _cc2002. |
||
| 300 |
_a62 p. : _bil. col. |
||
| 440 | 0 | _aCajita de palabras | |
| 650 | 4 |
_aLITERATURA INFANTIL COSTARRICENSE _911945 |
|
| 650 | 4 |
_aCUENTOS COSTARRICENSES _912819 |
|
| 905 | _aInfantil | ||
| 999 |
_c170227 _d170227 |
||